[Event "DEM U10 2025"]
[Site "Willingen GER"]
[Date "2025.06.11"]
[Round "6"]
[White "Hornych, Fridtjof"]
[Black "Gavrylchenko, Illia"]
[Result "0-1"]
[Termination "normal"]
[Board "18"]
[WhiteElo "1385"]
[BlackElo "1428"]
[WhiteClock "00:15:57"]
[BlackClock "00:28:07"]
[PlyCount "86"]
[WhiteFideId "533043507"]
[BlackFideId "34682007"]
[EventCountry "GER"]
[EventRounds "9"]
[EventType "swiss"]
[EventDate "2025.06.07"]

1. e4 {[%clk 01:30:56]} {[%emt 00:00:02]} e5 {[%clk 01:30:47]} {[%emt
00:00:15]} 2. Nf3 {[%clk 01:31:11]} {[%emt 00:00:13]} Nc6 {[%clk 01:31:10]}
{[%emt 00:00:09]} 3. Bb5 {[%clk 01:31:05]} {[%emt 00:00:36]} Nd4 {[%clk
01:31:28]} {[%emt 00:00:12]} 4. Nxd4 {[%clk 01:31:13]} {[%emt 00:00:22]} exd4
{[%clk 01:31:52]} {[%emt 00:00:06]} 5. O-O {[%clk 01:31:21]} {[%emt 00:00:20]}
c6 {[%clk 01:32:14]} {[%emt 00:00:10]} 6. Bc4 {[%clk 01:31:02]} {[%emt
00:00:48]} d5 {[%clk 01:32:21]} {[%emt 00:00:24]} 7. exd5 {[%clk 01:30:56]}
{[%emt 00:00:36]} cxd5 {[%clk 01:32:42]} {[%emt 00:00:09]} 8. Be2 {[%clk
01:30:30]} {[%emt 00:00:56]} Bd7 {[%clk 01:30:55]} {[%emt 00:02:17]} 9. d3
{[%clk 01:30:07]} {[%emt 00:00:52]} Bd6 {[%clk 01:28:47]} {[%emt 00:02:39]} 10.
Bg4 {[%clk 01:27:10]} {[%emt 00:03:26]} Ne7 {[%clk 01:26:13]} {[%emt 00:03:05]}
11. Bxd7+ {[%clk 01:25:28]} {[%emt 00:02:11]} Qxd7 {[%clk 01:26:22]} {[%emt
00:00:22]} 12. Bg5 {[%clk 01:24:53]} {[%emt 00:00:44]} O-O {[%clk 01:24:06]}
{[%emt 00:03:07]} 13. Nd2 {[%clk 01:23:36]} {[%emt 00:01:47]} h6 {[%clk
01:20:42]} {[%emt 00:03:54]} 14. Bxe7 {[%clk 01:22:08]} {[%emt 00:01:58]} Bxe7
{[%clk 01:19:53]} {[%emt 00:01:20]} 15. Nb3 {[%clk 01:21:29]} {[%emt 00:01:07]}
Bf6 {[%clk 01:16:29]} {[%emt 00:03:55]} 16. Qf3 {[%clk 01:19:10]} {[%emt
00:02:48]} Rac8 {[%clk 01:14:12]} {[%emt 00:02:48]} 17. Rac1 {[%clk 01:17:44]}
{[%emt 00:01:56]} Rfe8 {[%clk 01:12:41]} {[%emt 00:02:01]} 18. Qg3 {[%clk
01:06:23]} {[%emt 00:11:46]} Re2 {[%clk 01:07:10]} {[%emt 00:06:05]} 19. Rfe1
{[%clk 01:02:01]} {[%emt 00:04:52]} Rxe1+ {[%clk 01:06:34]} {[%emt 00:01:07]}
20. Rxe1 {[%clk 01:01:53]} {[%emt 00:00:37]} Rxc2 {[%clk 01:06:34]} {[%emt
00:00:32]} 21. Qb8+ {[%clk 01:01:54]} {[%emt 00:00:28]} Kh7 {[%clk 00:59:12]}
{[%emt 00:07:51]} 22. Qxa7 {[%clk 00:57:50]} {[%emt 00:04:34]} Rxb2 {[%clk
00:58:18]} {[%emt 00:01:26]} 23. Nxd4 {[%clk 00:57:24]} {[%emt 00:00:56]} Bxd4
{[%clk 00:58:20]} {[%emt 00:00:27]} 24. Qxd4 {[%clk 00:57:33]} {[%emt
00:00:20]} Rxa2 {[%clk 00:57:57]} {[%emt 00:00:53]} 25. h3 {[%clk 00:57:26]}
{[%emt 00:00:37]} Ra6 {[%clk 00:49:55]} {[%emt 00:08:31]} 26. Qb4 {[%clk
00:50:56]} {[%emt 00:06:59]} Re6 {[%clk 00:48:42]} {[%emt 00:01:46]} 27. Rb1
{[%clk 00:47:47]} {[%emt 00:03:39]} b6 {[%clk 00:45:52]} {[%emt 00:03:20]} 28.
Qd4 {[%clk 00:45:25]} {[%emt 00:02:51]} Qc6 {[%clk 00:43:09]} {[%emt 00:03:12]}
29. Qb2 {[%clk 00:37:55]} {[%emt 00:08:01]} Qc5 {[%clk 00:39:12]} {[%emt
00:04:23]} 30. Rc1 {[%clk 00:36:13]} {[%emt 00:02:17]} Qd6 {[%clk 00:35:18]}
{[%emt 00:04:20]} 31. Rb1 {[%clk 00:32:00]} {[%emt 00:04:48]} Qe7 {[%clk
00:34:29]} {[%emt 00:01:15]} 32. Kf1 {[%clk 00:28:00]} {[%emt 00:04:30]} Qf6
{[%clk 00:31:34]} {[%emt 00:03:25]} 33. Qc2 {[%clk 00:26:37]} {[%emt 00:01:55]}
Qd4 {[%clk 00:29:38]} {[%emt 00:02:23]} 34. Qd2 {[%clk 00:22:28]} {[%emt
00:04:42]} Rf6 {[%clk 00:29:05]} {[%emt 00:01:02]} 35. Qc2 {[%clk 00:19:58]}
{[%emt 00:03:01]} Rxf2+ {[%clk 00:28:41]} {[%emt 00:00:55]} 36. Qxf2 {[%clk
00:19:54]} {[%emt 00:00:33]} Qxd3+ {[%clk 00:29:05]} {[%emt 00:00:06]} 37. Qe2
{[%clk 00:19:21]} {[%emt 00:01:03]} Qxb1+ {[%clk 00:29:24]} {[%emt 00:00:12]}
38. Kf2 {[%clk 00:19:34]} {[%emt 00:00:16]} d4 {[%clk 00:28:21]} {[%emt
00:01:33]} 39. g4 {[%clk 00:17:21]} {[%emt 00:02:43]} b5 {[%clk 00:27:32]}
{[%emt 00:01:19]} 40. h4 {[%clk 00:16:51]} {[%emt 00:01:01]} b4 {[%clk
00:27:40]} {[%emt 00:00:18]} 41. g5 {[%clk 00:16:50]} {[%emt 00:00:34]} Qf5+
{[%clk 00:27:46]} {[%emt 00:00:24]} 42. Ke1 {[%clk 00:16:05]} {[%emt 00:01:16]}
Qe6 {[%clk 00:27:50]} {[%emt 00:00:26]} 43. g6+ {[%clk 00:15:57]} {[%emt
00:00:37]} Kxg6 {[%clk 00:28:07]} {[%emt 00:00:12]} 0-1

[Event "DEM U10 2025"]
[Site "Willingen GER"]
[Date "2025.06.11"]
[Round "6"]
[White "Schröder, Liam"]
[Black "Frerich, Theo"]
[Result "1-0"]
[Termination "normal"]
[Board "19"]
[WhiteElo "1537"]
[BlackElo "1167"]
[WhiteClock "01:24:33"]
[BlackClock "01:10:50"]
[PlyCount "55"]
[WhiteFideId "34651020"]
[BlackFideId "533003505"]
[EventCountry "GER"]
[EventRounds "9"]
[EventType "swiss"]
[EventDate "2025.06.07"]

1. e4 {[%clk 01:30:58]} {[%emt 00:00:01]} e5 {[%clk 01:30:56]} {[%emt
00:00:05]} 2. f4 {[%clk 01:31:22]} {[%emt 00:00:06]} d5 {[%clk 01:31:21]}
{[%emt 00:00:05]} 3. exd5 {[%clk 01:29:10]} {[%emt 00:02:42]} exf4 {[%clk
01:31:41]} {[%emt 00:00:09]} 4. Nc3 {[%clk 01:29:24]} {[%emt 00:00:15]} c6
{[%clk 01:30:34]} {[%emt 00:01:38]} 5. dxc6 {[%clk 01:29:17]} {[%emt 00:00:37]}
Nxc6 {[%clk 01:30:52]} {[%emt 00:00:12]} 6. Nf3 {[%clk 01:29:26]} {[%emt
00:00:20]} Nf6 {[%clk 01:30:58]} {[%emt 00:00:25]} 7. Bc4 {[%clk 01:28:39]}
{[%emt 00:01:16]} Bb4 {[%clk 01:31:06]} {[%emt 00:00:23]} 8. O-O {[%clk
01:28:50]} {[%emt 00:00:17]} O-O {[%clk 01:31:25]} {[%emt 00:00:12]} 9. d4
{[%clk 01:28:33]} {[%emt 00:00:47]} Bg4 {[%clk 01:31:36]} {[%emt 00:00:19]} 10.
Ne2 {[%clk 01:28:13]} {[%emt 00:00:49]} Bxf3 {[%clk 01:28:10]} {[%emt
00:03:57]} 11. Rxf3 {[%clk 01:28:18]} {[%emt 00:00:23]} Qb6 {[%clk 01:24:56]}
{[%emt 00:03:46]} 12. c3 {[%clk 01:28:01]} {[%emt 00:00:45]} Bd6 {[%clk
01:25:12]} {[%emt 00:00:15]} 13. Nxf4 {[%clk 01:27:52]} {[%emt 00:00:39]} Qc7
{[%clk 01:24:32]} {[%emt 00:01:12]} 14. h3 {[%clk 01:25:53]} {[%emt 00:02:27]}
Nxd4 {[%clk 01:22:26]} {[%emt 00:02:37]} 15. Bxf7+ {[%clk 01:24:16]} {[%emt
00:02:07]} Rxf7 {[%clk 01:20:31]} {[%emt 00:02:26]} 16. cxd4 {[%clk 01:24:35]}
{[%emt 00:00:10]} Rd8 {[%clk 01:19:04]} {[%emt 00:01:55]} 17. Ne6 {[%clk
01:23:27]} {[%emt 00:01:40]} Qc8 {[%clk 01:17:05]} {[%emt 00:02:30]} 18. Nxd8
{[%clk 01:23:47]} {[%emt 00:00:10]} Qxd8 {[%clk 01:17:20]} {[%emt 00:00:15]}
19. Bg5 {[%clk 01:23:41]} {[%emt 00:00:33]} Qb6 {[%clk 01:14:15]} {[%emt
00:03:36]} 20. Bxf6 {[%clk 01:22:58]} {[%emt 00:01:13]} Rxf6 {[%clk 01:14:06]}
{[%emt 00:00:40]} 21. Rxf6 {[%clk 01:23:00]} {[%emt 00:00:29]} gxf6 {[%clk
01:14:29]} {[%emt 00:00:07]} 22. Qb3+ {[%clk 01:23:16]} {[%emt 00:00:13]} Kg7
{[%clk 01:12:49]} {[%emt 00:02:10]} 23. Qxb6 {[%clk 01:23:39]} {[%emt
00:00:08]} axb6 {[%clk 01:13:04]} {[%emt 00:00:11]} 24. Kf2 {[%clk 01:23:52]}
{[%emt 00:00:19]} f5 {[%clk 01:12:56]} {[%emt 00:00:39]} 25. Kf3 {[%clk
01:24:07]} {[%emt 00:00:14]} Kf6 {[%clk 01:12:50]} {[%emt 00:00:37]} 26. Re1
{[%clk 01:24:09]} {[%emt 00:00:24]} Be7 {[%clk 01:11:02]} {[%emt 00:02:22]} 27.
d5 {[%clk 01:24:09]} {[%emt 00:00:31]} Bd6 {[%clk 01:10:50]} {[%emt 00:00:42]}
28. Re6+ {[%clk 01:24:33]} {[%emt 00:00:05]} 1-0

[Event "DEM U10 2025"]
[Site "Willingen GER"]
[Date "2025.06.11"]
[Round "6"]
[White "Taube, Moritz"]
[Black "Leja, Luis"]
[Result "1-0"]
[Termination "normal"]
[Board "20"]
[WhiteElo "1246"]
[BlackElo "1344"]
[WhiteClock "01:17:44"]
[BlackClock "01:21:32"]
[PlyCount "57"]
[WhiteFideId "34696830"]
[BlackFideId "34699813"]
[EventCountry "GER"]
[EventRounds "9"]
[EventType "swiss"]
[EventDate "2025.06.07"]

1. e4 {[%clk 01:30:58]} {[%emt 00:00:02]} c6 {[%clk 01:30:56]} {[%emt
00:00:04]} 2. Nc3 {[%clk 01:31:21]} {[%emt 00:00:07]} d5 {[%clk 01:31:17]}
{[%emt 00:00:09]} 3. exd5 {[%clk 01:31:44]} {[%emt 00:00:06]} cxd5 {[%clk
01:31:41]} {[%emt 00:00:06]} 4. d4 {[%clk 01:32:08]} {[%emt 00:00:06]} Nf6
{[%clk 01:31:59]} {[%emt 00:00:12]} 5. Nf3 {[%clk 01:32:30]} {[%emt 00:00:08]}
Nc6 {[%clk 01:31:40]} {[%emt 00:00:50]} 6. Bf4 {[%clk 01:32:43]} {[%emt
00:00:17]} a6 {[%clk 01:31:29]} {[%emt 00:00:42]} 7. Bd3 {[%clk 01:32:57]}
{[%emt 00:00:16]} Bg4 {[%clk 01:31:35]} {[%emt 00:00:23]} 8. h3 {[%emt
00:00:20]} Bh5 {[%emt 00:00:49]} 9. g4 {[%clk 01:32:10]} {[%emt 00:00:07]} Bg6
{[%clk 01:32:00]} {[%emt 00:00:07]} 10. Qd2 {[%clk 01:32:20]} {[%emt 00:00:20]}
Bxd3 {[%clk 01:32:13]} {[%emt 00:00:16]} 11. Qxd3 {[%clk 01:31:33]} {[%emt
00:01:17]} e6 {[%clk 01:32:34]} {[%emt 00:00:10]} 12. a3 {[%clk 01:31:51]}
{[%emt 00:00:12]} Bd6 {[%clk 01:32:41]} {[%emt 00:00:23]} 13. Bxd6 {[%clk
01:29:53]} {[%emt 00:02:27]} Qxd6 {[%clk 01:33:02]} {[%emt 00:00:10]} 14. Qe3
{[%clk 01:26:23]} {[%emt 00:03:59]} Nd7 {[%clk 01:32:29]} {[%emt 00:01:03]} 15.
O-O-O {[%clk 01:25:43]} {[%emt 00:01:10]} O-O-O {[%clk 01:32:49]} {[%emt
00:00:11]} 16. Ng5 {[%clk 01:25:38]} {[%emt 00:00:34]} Rdf8 {[%clk 01:32:51]}
{[%emt 00:00:29]} 17. Rhf1 {[%clk 01:21:47]} {[%emt 00:04:20]} f6 {[%clk
01:32:57]} {[%emt 00:00:23]} 18. Qxe6 {[%clk 01:21:30]} {[%emt 00:00:47]} Qf4+
{[%clk 01:32:32]} {[%emt 00:00:57]} 19. Kb1 {[%clk 01:20:26]} {[%emt 00:01:34]}
fxg5 {[%clk 01:32:07]} {[%emt 00:00:55]} 20. Nxd5 {[%clk 01:20:25]} {[%emt
00:00:30]} Qf7 {[%clk 01:32:15]} {[%emt 00:00:21]} 21. Qd6 {[%clk 01:20:05]}
{[%emt 00:00:52]} Kd8 {[%clk 01:25:17]} {[%emt 00:07:29]} 22. Qc7+ {[%clk
01:18:49]} {[%emt 00:01:44]} Ke8 {[%clk 01:25:33]} {[%emt 00:00:15]} 23. Qc8+
{[%clk 01:18:45]} {[%emt 00:00:34]} Nd8 {[%clk 01:24:55]} {[%emt 00:01:09]} 24.
Rde1+ {[%clk 01:18:00]} {[%emt 00:01:16]} Qe6 {[%clk 01:20:11]} {[%emt
00:05:13]} 25. Rxe6+ {[%clk 01:18:04]} {[%emt 00:00:25]} Kf7 {[%clk 01:20:36]}
{[%emt 00:00:06]} 26. Qxd7+ {[%clk 01:18:13]} {[%emt 00:00:19]} Kg8 {[%clk
01:20:53]} {[%emt 00:00:15]} 27. Ne7+ {[%clk 01:17:36]} {[%emt 00:01:07]} Kf7
{[%clk 01:21:17]} {[%emt 00:00:06]} 28. Nf5+ {[%clk 01:17:51]} {[%emt
00:00:15]} Kg8 {[%clk 01:21:32]} {[%emt 00:00:15]} 29. Qxg7# {[%clk 01:17:44]}
{[%emt 00:00:06]} 1-0

[Event "DEM U10 2025"]
[Site "Willingen GER"]
[Date "2025.06.11"]
[Round "6"]
[White "Möller, Julian"]
[Black "Kindermann, Justus"]
[Result "1-0"]
[Termination "normal"]
[Board "21"]
[WhiteElo "1161"]
[BlackElo "1635"]
[WhiteClock "00:28:41"]
[BlackClock "00:21:07"]
[PlyCount "101"]
[WhiteFideId "533022577"]
[BlackFideId "34678840"]
[EventCountry "GER"]
[EventRounds "9"]
[EventType "swiss"]
[EventDate "2025.06.07"]

1. e4 {[%clk 01:30:57]} {[%emt 00:00:02]} e5 {[%clk 01:30:55]} {[%emt
00:00:06]} 2. Nf3 {[%clk 01:31:15]} {[%emt 00:00:11]} Nf6 {[%clk 01:30:59]}
{[%emt 00:00:27]} 3. Nxe5 {[%clk 01:31:09]} {[%emt 00:00:35]} d6 {[%clk
01:31:21]} {[%emt 00:00:09]} 4. Nf3 {[%clk 01:31:08]} {[%emt 00:00:29]} Nxe4
{[%clk 01:31:43]} {[%emt 00:00:09]} 5. d4 {[%clk 01:30:57]} {[%emt 00:00:40]}
d5 {[%clk 01:32:08]} {[%emt 00:00:05]} 6. Bd3 {[%clk 01:30:50]} {[%emt
00:00:38]} Bd6 {[%clk 01:32:26]} {[%emt 00:00:13]} 7. O-O {[%clk 01:30:12]}
{[%emt 00:01:06]} O-O {[%clk 01:27:53]} {[%emt 00:05:04]} 8. Re1 {[%clk
01:28:51]} {[%emt 00:01:50]} Bf5 {[%clk 01:26:54]} {[%emt 00:01:22]} 9. Nbd2
{[%clk 01:24:39]} {[%emt 00:04:49]} Re8 {[%clk 01:25:42]} {[%emt 00:01:35]} 10.
Nb3 {[%clk 01:14:14]} {[%emt 00:11:03]} Nd7 {[%clk 01:20:41]} {[%emt 00:05:07]}
11. c4 {[%clk 01:04:19]} {[%emt 00:10:49]} c6 {[%clk 01:13:27]} {[%emt
00:04:01]} 12. c5 {[%clk 01:04:46]} {[%emt 00:03:46]} Bc7 {[%clk 01:13:17]}
{[%emt 00:00:25]} 13. Qc2 {[%clk 00:59:11]} {[%emt 00:06:19]} h6 {[%clk
01:11:12]} {[%emt 00:02:37]} 14. Be3 {[%clk 00:48:00]} {[%emt 00:11:39]} Bg4
{[%clk 01:08:51]} {[%emt 00:02:49]} 15. Nbd2 {[%clk 00:43:17]} {[%emt
00:05:14]} Nxd2 {[%clk 01:07:46]} {[%emt 00:01:35]} 16. Nxd2 {[%clk 00:42:44]}
{[%emt 00:01:03]} Qh4 {[%clk 01:06:57]} {[%emt 00:01:14]} 17. g3 {[%clk
00:41:00]} {[%emt 00:02:18]} Qf6 {[%clk 01:04:48]} {[%emt 00:02:08]} 18. Qb3
{[%clk 00:39:59]} {[%emt 00:02:03]} Rab8 {[%clk 01:02:24]} {[%emt 00:02:52]}
19. Qa4 {[%clk 00:36:43]} {[%emt 00:03:49]} a6 {[%clk 01:01:25]} {[%emt
00:01:29]} 20. b4 {[%clk 00:35:06]} {[%emt 00:02:06]} Bf5 {[%clk 01:00:12]}
{[%emt 00:01:40]} 21. Bf1 {[%clk 00:33:40]} {[%emt 00:01:59]} Nf8 {[%clk
00:49:32]} {[%emt 00:10:54]} 22. Qb3 {[%clk 00:29:41]} {[%emt 00:04:44]} Ne6
{[%clk 00:47:09]} {[%emt 00:02:49]} 23. Qc3 {[%clk 00:28:39]} {[%emt 00:01:36]}
Ng5 {[%clk 00:39:54]} {[%emt 00:07:39]} 24. Bxg5 {[%clk 00:25:44]} {[%emt
00:03:30]} Qxg5 {[%clk 00:39:36]} {[%emt 00:00:49]} 25. Bg2 {[%clk 00:25:08]}
{[%emt 00:01:06]} Re6 {[%clk 00:33:44]} {[%emt 00:06:17]} 26. Rxe6 {[%clk
00:23:07]} {[%emt 00:02:36]} Bxe6 {[%clk 00:32:56]} {[%emt 00:01:18]} 27. a4
{[%clk 00:22:30]} {[%emt 00:01:07]} Ra8 {[%clk 00:31:58]} {[%emt 00:01:28]} 28.
Nf3 {[%clk 00:17:57]} {[%emt 00:05:02]} Qf6 {[%clk 00:31:34]} {[%emt 00:00:29]}
29. Rb1 {[%clk 00:14:39]} {[%emt 00:04:13]} Qg6 {[%clk 00:31:09]} {[%emt
00:00:46]} 30. Rb2 {[%clk 00:14:06]} {[%emt 00:01:11]} Bd7 {[%clk 00:27:46]}
{[%emt 00:03:47]} 31. Qc2 {[%clk 00:11:46]} {[%emt 00:02:56]} Qxc2 {[%clk
00:27:28]} {[%emt 00:00:49]} 32. Rxc2 {[%clk 00:12:08]} {[%emt 00:00:09]} Re8
{[%clk 00:26:49]} {[%emt 00:00:53]} 33. Kf1 {[%clk 00:12:13]} {[%emt 00:00:37]}
Bf5 {[%clk 00:26:57]} {[%emt 00:00:18]} 34. Rc3 {[%clk 00:10:14]} {[%emt
00:02:29]} g5 {[%clk 00:22:52]} {[%emt 00:04:38]} 35. Re3 {[%clk 00:09:25]}
{[%emt 00:01:22]} Kf8 {[%clk 00:20:51]} {[%emt 00:02:28]} 36. Ke2 {[%clk
00:08:01]} {[%emt 00:01:57]} Bg4 {[%clk 00:19:31]} {[%emt 00:01:50]} 37. h3
{[%clk 00:07:06]} {[%emt 00:01:25]} Bf5 {[%clk 00:17:39]} {[%emt 00:02:12]} 38.
Rxe8+ {[%clk 00:05:23]} {[%emt 00:02:23]} Kxe8 {[%clk 00:17:13]} {[%emt
00:00:56]} 39. Ke3 {[%clk 00:05:26]} {[%emt 00:00:26]} b6 {[%clk 00:14:38]}
{[%emt 00:03:06]} 40. Kd2 {[%clk 00:04:26]} {[%emt 00:01:28]} bxc5 {[%clk
00:13:28]} {[%emt 00:01:42]} 41. dxc5 {[%clk 00:04:15]} {[%emt 00:00:41]} Be4
{[%clk 00:12:32]} {[%emt 00:01:20]} 42. Ke3 {[%clk 00:03:28]} {[%emt 00:01:13]}
Ke7 {[%clk 00:10:44]} {[%emt 00:02:26]} 43. a5 {[%clk 00:03:01]} {[%emt
00:00:58]} Kf6 {[%clk 00:07:07]} {[%emt 00:03:52]} 44. Bf1 {[%clk 00:02:16]}
{[%emt 00:01:29]} Bf5 {[%clk 00:04:23]} {[%emt 00:02:57]} 45. Bxa6 {[%clk
00:01:30]} {[%emt 00:01:34]} Bxh3 {[%clk 00:03:45]} {[%emt 00:01:08]} 46. Nd4
{[%clk 00:00:38]} {[%emt 00:01:23]} Be5 {[%clk 00:28:47]} {[%emt 00:05:25]} 47.
Nxc6 {[%clk 00:30:08]} {[%emt 00:01:03]} Bc3 {[%clk 00:28:16]} {[%emt
00:01:00]} 48. Kd3 {[%clk 00:29:26]} {[%emt 00:01:13]} Bf1+ {[%clk 00:23:38]}
{[%emt 00:05:08]} 49. Kxc3 {[%clk 00:29:31]} {[%emt 00:00:24]} Bxa6 {[%clk
00:24:01]} {[%emt 00:00:08]} 50. Kd4 {[%clk 00:28:41]} {[%emt 00:01:18]} Ke6
{[%clk 00:21:07]} {[%emt 00:03:21]} 51. Nb8 {[%emt 00:04:45]} 1-0

[Event "DEM U10 2025"]
[Site "Willingen GER"]
[Date "2025.06.11"]
[Round "6"]
[White "Zentgraf, Raphael"]
[Black "Nabe, Sebastian"]
[Result "1-0"]
[Termination "normal"]
[Board "22"]
[WhiteElo "1660"]
[BlackElo "1467"]
[WhiteClock "00:31:59"]
[BlackClock "00:39:03"]
[PlyCount "61"]
[WhiteFideId "34684166"]
[BlackFideId "533011079"]
[EventCountry "GER"]
[EventRounds "9"]
[EventType "swiss"]
[EventDate "2025.06.07"]

1. d4 {[%clk 01:30:00]} {[%emt 00:01:00]} d5 {[%clk 01:30:45]} {[%emt
00:00:15]} 2. Nf3 {[%clk 01:29:30]} {[%emt 00:01:00]} Nf6 {[%clk 01:30:21]}
{[%emt 00:00:54]} 3. c3 {[%clk 01:28:56]} {[%emt 00:01:04]} e6 {[%clk
01:29:55]} {[%emt 00:00:56]} 4. Bf4 {[%clk 01:28:30]} {[%emt 00:00:56]} Bd6
{[%clk 01:28:29]} {[%emt 00:01:56]} 5. e3 {[%clk 01:27:44]} {[%emt 00:01:15]}
c5 {[%clk 01:25:48]} {[%emt 00:03:11]} 6. Bd3 {[%clk 01:25:18]} {[%emt
00:02:56]} Qc7 {[%clk 01:24:22]} {[%emt 00:01:56]} 7. Bg3 {[%clk 01:23:30]}
{[%emt 00:02:18]} Nbd7 {[%clk 01:20:38]} {[%emt 00:04:14]} 8. Nbd2 {[%clk
01:19:30]} {[%emt 00:04:30]} b6 {[%clk 01:19:34]} {[%emt 00:01:35]} 9. Qe2
{[%clk 01:16:47]} {[%emt 00:03:13]} Bb7 {[%clk 01:13:43]} {[%emt 00:06:21]} 10.
e4 {[%clk 01:14:35]} {[%emt 00:02:42]} dxe4 {[%clk 01:13:22]} {[%emt 00:00:51]}
11. Nxe4 {[%clk 01:14:53]} {[%emt 00:00:11]} Nxe4 {[%clk 01:13:17]} {[%emt
00:00:36]} 12. Bxe4 {[%clk 01:15:14]} {[%emt 00:00:09]} Bxe4 {[%clk 01:13:27]}
{[%emt 00:00:21]} 13. Qxe4 {[%clk 01:15:35]} {[%emt 00:00:07]} Rc8 {[%clk
01:13:00]} {[%emt 00:00:58]} 14. O-O {[%clk 01:13:45]} {[%emt 00:02:20]} Nf6
{[%clk 01:10:38]} {[%emt 00:02:47]} 15. Qe3 {[%clk 01:12:33]} {[%emt 00:01:46]}
Nd5 {[%clk 01:08:10]} {[%emt 00:03:00]} 16. Qd3 {[%clk 01:09:35]} {[%emt
00:03:27]} Bxg3 {[%clk 01:06:20]} {[%emt 00:02:20]} 17. fxg3 {[%clk 01:06:44]}
{[%emt 00:03:21]} c4 {[%clk 01:04:08]} {[%emt 00:02:42]} 18. Qe4 {[%clk
01:02:28]} {[%emt 00:04:39]} Nf6 {[%clk 01:03:40]} {[%emt 00:01:06]} 19. Qe2
{[%clk 01:01:41]} {[%emt 00:01:17]} O-O {[%clk 01:00:39]} {[%emt 00:03:29]} 20.
Ne5 {[%clk 00:55:23]} {[%emt 00:06:50]} b5 {[%clk 00:53:36]} {[%emt 00:07:33]}
21. Rf2 {[%clk 00:41:19]} {[%emt 00:14:35]} Qd6 {[%clk 00:51:07]} {[%emt
00:01:59]} 22. Raf1 {[%clk 00:41:33]} {[%emt 00:01:15]} Rc7 {[%clk 00:49:20]}
{[%emt 00:02:17]} 23. g4 {[%clk 00:34:25]} {[%emt 00:07:39]} Nd5 {[%clk
00:47:30]} {[%emt 00:02:20]} 24. g5 {[%clk 00:33:16]} {[%emt 00:01:39]} Re7
{[%clk 00:46:08]} {[%emt 00:01:51]} 25. g6 {[%clk 00:32:05]} {[%emt 00:01:42]}
Nf6 {[%clk 00:44:16]} {[%emt 00:02:17]} 26. gxf7+ {[%clk 00:32:11]} {[%emt
00:00:29]} Kh8 {[%clk 00:43:17]} {[%emt 00:01:30]} 27. Rxf6 {[%clk 00:31:43]}
{[%emt 00:00:57]} gxf6 {[%clk 00:43:01]} {[%emt 00:00:45]} 28. Rxf6 {[%clk
00:32:06]} {[%emt 00:00:08]} Qc7 {[%clk 00:42:17]} {[%emt 00:01:14]} 29. Qh5
{[%clk 00:31:44]} {[%emt 00:00:52]} Kg7 {[%clk 00:38:59]} {[%emt 00:03:44]} 30.
Qh6+ {[%clk 00:32:08]} {[%emt 00:00:09]} Kh8 {[%clk 00:39:03]} {[%emt
00:00:26]} 31. Ng6# {[%clk 00:31:59]} {[%emt 00:00:09]} 1-0

[Event "DEM U10 2025"]
[Site "Willingen GER"]
[Date "2025.06.11"]
[Round "6"]
[White "Schmidt, Alexander Nadvid"]
[Black "Rössling, Johannes"]
[Result "0-1"]
[Termination "normal"]
[Board "24"]
[WhiteElo "1565"]
[BlackElo "1637"]
[WhiteClock "01:29:55"]
[BlackClock "01:29:16"]
[PlyCount "22"]
[WhiteFideId "34661360"]
[BlackFideId "34642773"]
[EventCountry "GER"]
[EventRounds "9"]
[EventType "swiss"]
[EventDate "2025.06.07"]

1. e4 {[%clk 01:30:58]} {[%emt 00:00:01]} e5 {[%clk 01:30:55]} {[%emt
00:00:05]} 2. Nf3 {[%clk 01:31:03]} {[%emt 00:00:24]} Nc6 {[%clk 01:31:18]}
{[%emt 00:00:08]} 3. Bc4 {[%clk 01:31:05]} {[%emt 00:00:29]} Nf6 {[%clk
01:31:29]} {[%emt 00:00:19]} 4. d3 {[%clk 01:31:27]} {[%emt 00:00:08]} d5
{[%clk 01:31:44]} {[%emt 00:00:15]} 5. exd5 {[%clk 01:30:43]} {[%emt 00:01:13]}
Nxd5 {[%clk 01:32:04]} {[%emt 00:00:09]} 6. O-O {[%clk 01:30:23]} {[%emt
00:00:50]} Bc5 {[%emt 00:01:17]} 7. Re1 {[%clk 01:30:06]} {[%emt 00:00:44]} O-O
{[%clk 01:29:56]} {[%emt 00:01:55]} 8. Nxe5 {[%clk 01:30:01]} {[%emt 00:00:36]}
Nxe5 {[%clk 01:30:04]} {[%emt 00:00:22]} 9. Rxe5 {[%clk 01:30:03]} {[%emt
00:00:28]} Bxf2+ {[%clk 01:29:54]} {[%emt 00:00:40]} 10. Kxf2 {[%clk 01:29:37]}
{[%emt 00:00:56]} Qh4+ {[%clk 01:28:54]} {[%emt 00:01:31]} 11. Kg1 {[%clk
01:29:55]} {[%emt 00:00:10]} Qd4+ {[%clk 01:29:16]} {[%emt 00:00:09]} 0-1